000 00625nam a2200229Ia 4500
003 OSt
005 20220924150755.0
006 a|||||r|||| 00| 0
007 ta
008 220923b |||||||| |||| 00| 0 ara d
024 _a334564
037 _cTextual
040 _aARTS
_cARTS
_bara
041 _2ara
_aara
082 _aO142,2:g, 28M5
100 _aYusuf Majid Au.
_9222895
245 0 _aFunul misrah and tashikof waqarai jadeedah latairul bahar
260 _c1985
650 _aRUSSIAN LITERATURE
_915056
942 _hO142,2:g, 28M5
_cTEXL
_2CC
999 _c464460
_d464460